Statistics for Generator Puzzle #24

Click here to take the quiz!

General Stats

  • This quiz has been taken 734 times
  • The average score is 15 of 21

Answer Stats

HintAnswer% Correct
Another rainbow colourOrange
99%
Lion's meow?Roar
96%
Go inEnter
95%
Close toNear
92%
Oak or pine, eg.Tree
90%
Rainbow colourGreen
89%
Latin American danceTango
88%
007, for exampleAgent
85%
Hugh or Cary, eg.Grant
85%
Roman outer garmentToga
84%
Small, pointed beardGoatee
82%
Feel sad for a past actionRegret
82%
Home on the _____Range
77%
Sicilian volcanoEtna
64%
Oceanic nationTonga
53%
KeenEager
46%
Strangle with wireGarrote
43%
Nullify, invalidateNegate
40%
Italian salami city?Genoa
34%
9-Letter WordGENERATOR
19%
Artistic categoryGenre
15%

Score Distribution

Percentile by Number Answered

Percent of People with Each Score

Your Score History

You have not taken this quiz